A székely rovásírás legrégibb ábécéi

Elmentve itt :
Bibliográfiai részletek
Szerző: Jakubovich Emil
Dokumentumtípus: Cikk
Megjelent: 1977
Kulcsszavak:Rovásírás - Kárpát-medence
Tárgyszavak:
Online Access:http://misc.bibl.u-szeged.hu/68568
LEADER 00742nab a2200217 i 4500
001 misc68568
005 20230210142631.0
008 220427s1977 hu o 0|| hun d
020 |a 965 7501 18 5 
040 |a SZTE Miscellanea Repozitórium  |b hun 
041 |a hun 
100 1 |a Jakubovich Emil 
245 1 2 |a A székely rovásírás legrégibb ábécéi  |h [elektronikus dokumentum] /  |c  Jakubovich Emil 
260 |c 1977 
300 |a 16 p. 2 t.  |c 24 cm 
561 |a Németh Gyula hagyaték 
591 |a J/75 1543;J/75 1529;B 78981;OA 2470 
650 4 |a Bölcsészettudományok 
650 4 |a Nyelvek és irodalom 
695 |a Rovásírás - Kárpát-medence 
856 4 0 |u http://misc.bibl.u-szeged.hu/68568/1/2470_oa_j21.pdf  |z Dokumentum-elérés